000 00293nam a22001337a 4500
008 170725b xxu||||| |||| 00| 0 eng d
020 _a9870256181850
041 _aeng
080 _a004
100 _a29
101 _aSHK
245 _aEXPLORING THE INTERNET
_cSANFORD,C.C
942 _2udc
_cBK
999 _c21870
_d21870